000 00708nam a2200289Ia 4500
005 20260324130437.0
008 008 260324s9999 xx 000 0 eng d
020 _a9780203051276
037 _aEBOOK
040 _aCRL
040 _beng
040 _cCRL
041 _2eng
041 _aeng
084 _qCRL
100 _aLetha A See
_91181795
245 0 _aHuman Behavior in the Social Environment from an African-American Perspective
245 0 _bSecond Edition
260 _bTaylor and Francis
260 _c2007
365 _a
365 _b325
856 _uhttp://www.taylorfrancis.com/books/9780203051276
942 _cEBOOK
999 _c1777975
_d1777975